LIBRARY & INFORMATION CENTRE, KCAET, TAVANUR

ONLINE PUBLIC ACCESS CATALOGUE (OPAC)

Food technology and quality evaluation / (Record no. 13081)

MARC details
000 -LEADER
fixed length control field 00472cam a2200181ua 4500
041 ## - LANGUAGE CODE
Language code of text/sound track or separate title eng
082 ## - DEWEY DECIMAL CLASSIFICATION NUMBER
Classification number 664.07
Item number DRI/FO
100 ## - MAIN ENTRY--AUTHOR NAME
Personal name Dris, Ramdane .
245 ## - TITLE STATEMENT
Title Food technology and quality evaluation /
260 ## - PUBLICATION, DISTRIBUTION, ETC. (IMPRINT)
Place of publication Mumbai :
Name of publisher Oxford & IBH Book Company ,
Year of publication 2003.
300 ## - PHYSICAL DESCRIPTION
Number of Pages 273 ;
Accompanying material `.
700 1# - ADDED ENTRY--PERSONAL NAME
Personal name Sharma, Arun .
942 ## - ADDED ENTRY ELEMENTS (KOHA)
Koha item type Books
Holdings
Withdrawn status Lost status Damaged status Home library Current library Date acquired Full call number Accession Number Koha item type
      KAUAET KAUAET 07/04/2012 664.07 21326 Books
free website counter